| 000 | 00863nam a2200265Ia 4500 | ||
|---|---|---|---|
| 005 | 20220316235223.0 | ||
| 008 | 121119s2001 mx a gr 000 j spa | ||
| 020 | _a9681907566 | ||
| 041 | 0 | _aspa | |
| 100 | 1 |
_aDahl, Roald, _d1916-1990 |
|
| 245 | 1 | 3 |
_aLa jirafa, el pelícano y el mono _cRoald Dahl ; ilustraciones de Quentin Blake |
| 250 | _aPrimera edición | ||
| 264 | 1 |
_aMéxico _bEdiciones Alfaguara _c2001 |
|
| 300 |
_a68 páginas _bilustraciones |
||
| 336 |
_atexto _btxt _2rdacontent |
||
| 337 |
_asin mediación _bn _2rdamedia |
||
| 338 |
_avolumen _bnc _2rdacarrier |
||
| 650 | 1 | 4 |
_2LEMB _aCuentos infantiles ingleses _ySiglo XX |
| 650 | 1 | 4 |
_2LEMB _aPelícanos _vCuentos |
| 650 | 1 | 4 |
_2LEMB _aLiteratura infantil inglesa |
| 700 | 1 |
_aBlake, Quentin _eilustrador _9116542 |
|
| 942 |
_2loc _cBKLIT |
||
| 040 |
_aCO-BoRNBP _bspa _erda _cCO-BoRNBP |
||
| 084 | _aC DAH1 | ||
| 999 |
_c267 _d267 |
||